Un mundo de hormigas /
Guardado en:
| Autor Principal: | |
|---|---|
| Otros Autores: | , |
| Formato: | Libro |
| Publicado: |
Buenos Aires :
Siglo Xxi Editores Argentina
|
| Series: | Colección Ciencia que ladra / dirigida por Diego Golombek
|
| Materias: | |
| Etiquetas: |
Agregar Etiqueta
Sin Etiquetas, Sea el primero en etiquetar este registro!
|
| LEADER | 00899nam a22002295a 4500 | ||
|---|---|---|---|
| 001 | CEM.cems011624 | ||
| 005 | 20071115121515.0 | ||
| 008 | 130507b######################000#0#####d | ||
| 003 | CEMS | ||
| 020 | |a 9871105142 | ||
| 082 | 0 | 4 | |a 595.796 |
| 100 | 1 | |a Folgarait, Patricia J. | |
| 245 | 1 | 0 | |a Un mundo de hormigas / |c Patricia J. Folgarait, Alejandro G. Farji-brener ; con Ilustraciones de Octavio A. Bruzzone |
| 260 | |a Buenos Aires : |b Siglo Xxi Editores Argentina | ||
| 300 | |a 58 p. | ||
| 490 | 0 | |a Colección Ciencia que ladra / dirigida por Diego Golombek | |
| 505 | 0 | |a Historia natural de las hormigas -- Los patriarcas de la agricultura -- Mutualismos en hormigas -- Plagas y hormigas -- Rarezas -- | |
| 653 | |a Zoología | ||
| 653 | |a Hormigas | ||
| 700 | 1 | |a Farji Brener, Alejandro G. | |
| 700 | 1 | |a Bruzzone, Octavio, il. | |
| 859 | |a CEMS |b BIB. CEMS - 11 de abril |h 595.796 |i F692 |p 22580.04 |t Ej.1 | ||
